000 00844nab a2200253 u 4500
001 19515
003 HDC
007 cr bn ---aaaaa
008 210301c |r|noo 0 a d
040 _aHDC
100 _aGodfrey, Mark,
_eauthor
_912224
245 0 _aCHINESE HALAL MEAT BUSINESS HELPS EMPLOY 10,000 FAMILIES /
_cby Mark Godfrey
260 _a[No place] :
_b[publisher not identified],
_c2016
336 _atext
_2rdacontent
337 _acomputer
_2rdamedia
338 _aonline resource
_2rdacarrier
650 _aHalal food
_950
650 _aHalal meat
_91025
710 _aGLOBAL MEAT
856 _zRequest full-text at [email protected]
942 _2lcc
942 _cNEWS
942 _kNWSO 009744
999 _c16831
_d16831